| 000 | 00938nam a2200289Ia 4500 | ||
|---|---|---|---|
| 003 | OSt | ||
| 005 | 20221005091016.0 | ||
| 006 | a|||||r|||| 00| 0 | ||
| 007 | ta | ||
| 008 | 221004b |||||||| |||| 00| 0 eng d | ||
| 020 |
_a0195128109 _c1343.55 |
||
| 024 | _a84535 | ||
| 037 |
_b9825, 30/03/2006, Selectbook Service Syndicate _cTextual |
||
| 040 |
_aCRL _cCRL _beng |
||
| 041 |
_2eng _aeng |
||
| 082 | _aZ,7,7, P0 | ||
| 100 |
_aSolomon Robert C. Ed. _95127 |
||
| 245 | 0 |
_aWhat is justice? _b Classic and contemporary readings edited by Robert C. Solomon and Mark C. Murphy |
|
| 250 | _a2nd | ||
| 260 |
_aNew York _bOxford University Press U. S. A. _c2000 |
||
| 300 |
_a350p. _ccm. |
||
| 650 | _a LAW | ||
| 650 | _aJUSTICE | ||
| 700 | _a Murphy Mark C. Ed. | ||
| 942 |
_hZ,7,7, P0 _cTEXL _2cc |
||
| 999 |
_c996710 _d996710 |
||